Statistics for WWE Championship Wrestlers

Click here to take the quiz!

General Stats

  • This quiz has been taken 5,311 times
    (5,310 since last reset)
  • The average score is 22 of 43

Answer Stats

# of reigns Answer % Correct
10John Cena
94%
8Triple H
89%
4The Undertaker
87%
7The Rock
84%
6Randy Orton
82%
6Hulk Hogan
80%
1Kane
80%
3Shawn Michaels
78%
6Stone Cold Steve Austin
78%
4Edge
72%
2CM Punk
71%
2The Big Show
70%
2Ric Flair
70%
2Batista
64%
5Bret Hart
63%
3Brock Lesnar
62%
1Chris Jericho
59%
1Rey Mysterio
59%
1Andre the Giant
53%
2Randy Savage
53%
1The Miz
52%
1The Ultimate Warrior
50%
2Sheamus
49%
3Mankind
49%
4Kurt Angle
49%
2Alberto Del Rio
48%
1Jeff Hardy
47%
1Diesel
46%
1Eddie Guerrero
42%
1Vince McMahon
41%
2Yokozuna
41%
1John Bradshaw Layfield
39%
2Bruno Sammartino
36%
1Rob Van Dam
33%
2Bob Backlund
31%
1The Iron Sheik
26%
1Sgt. Slaughter
25%
2Sycho Sid
22%
1Buddy Rogers
19%
1Pedro Morales
15%
1Billy Graham
14%
1Ivan Koloff
12%
1Stan Stasiak
11%

Score Distribution

Percentile by Number Answered

Percent of People with Each Score

Your Score History

You have not taken this quiz since the last reset